000 00925nam a22002415i 4500
001 54058
003 ES-MaACL
005 20251005063043.0
007 t|
008 940202s1851 sp ||||1| spa d
080 _a94(460.18)"1350/69"
100 1 _aFerrer del Río, Antonio,
_d1814-1872
_950459
245 1 0 _aExamen histórico-crítico del reinado de D. Pedro de Castilla :
_bobra premiada por voto unánime de la Real Academia Española en el certamen que abrió la misma en 2 de marzo de 1850 /
_csu autor Antonio Ferrer del Río.
260 _aMadrid :
_b[s.n.],
_c1851 (
_fImp. Nacional)
300 _a217 p. ;
_c25 cm.
500 _aIndice.
600 0 4 _aPedro
_bI,
_cRey de Castilla
_989923
651 4 _aCastilla (Reino)-
_xHistoria-
_y1350-1369, Pedro I.
_9173034
710 2 _aReal Academia Española
_96336
852 4 _aES-MaACL
_jB-3942
852 4 _aES-MaACL
_jT-42-F-1
999 _c54058
_d54058